000 00454nam a22001457a 4500
008 170425b xxu||||| |||| 00| 0 eng d
020 _a9715421237
082 _21997
_aDFil 899.21113
_bG58
100 _920228
_aGonzalez, N.V.M.
245 _aA grammar of dreams and other stories/
_cN. V. M. Gonzalez.
260 _aManila:
_bUP Press,
_cc1997.
300 _axiii,162 pages;
_c23 cm.
650 0 _920229
_aPhilippines -- Short stories.
942 _2ddc
_cDFIL
999 _c6677
_d6677